Self-discovery in Carson Mccullers'the heart is a lonely hunter /
Saved in:
| Main Author: | |
|---|---|
| Format: | Thesis Book |
| Language: | English |
| Published: |
2000.
|
| Subjects: | |
| Tags: |
Add Tag
No Tags, Be the first to tag this record!
|
| LEADER | 00922cam a2200241 a 4500 | ||
|---|---|---|---|
| 001 | u483403 | ||
| 003 | SIRSI | ||
| 008 | 911205s2000 my t 00 1 eng m | ||
| 035 | |a ACP-6672 | ||
| 040 | |a UMM | ||
| 090 | |a PR13 |b UM 2000 Cho | ||
| 100 | 1 | 0 | |a Chong, Su Li. |
| 245 | 1 | 0 | |a Self-discovery in Carson Mccullers'the heart is a lonely hunter / |c Chong Su Li. |
| 260 | |c 2000. | ||
| 300 | |a vii, 96 leaves : |b ill. ; |c 29 cm. | ||
| 502 | |a Dissertation (M.A.) -- Jabatan Inggeris, Fakulti Sastera dan Sains Sosial, Universiti Malaya, 2000. | ||
| 504 | |a Bibliography: leaves 87-96. | ||
| 600 | 1 | 0 | |a McCullers, Carson, |d 1917-1967. |t The heart is a lonely hunter |
| 650 | 0 | |a English literature |x History and criticism. | |
| 710 | 2 | 0 | |a Universiti Malaya. |b Jabatan Inggeris. |
| 948 | |a 15/06/2001 |b 16/07/2004 | ||
| 596 | |a 1 | ||
| 999 | |a PR13 UM 2000 CHO |w LC |c 1 |i A510570715 |d 23/10/2014 |e 23/10/2014 |l STACKS |m P01UTAMA |n 1 |r Y |s Y |t TESIS |u 31/12/2001 | ||
